000 01967nam0a2200337 4500
001 RU\NLR\BIBL_A\022711113
005 20260412094915.0
010 _a978-5-00254-007-5
_9100
035 _a(NLR Aleph) 022711113
090 _a13653476
_c13653476
100 _a20260129d2024 m y0rusy50 ca
101 0 _arus
102 _aRU
105 _aa j 000yy
181 0 _ai3
_baxxe
182 0 _an
200 1 _aСтандартные операционные процедуры как элемент внутреннего контроля качества и безопасности медицинской деятельности в неврологии
_eучебно-методическое пособие для студентов очной формы обучения по специальности 31.02.01 Лечебное дело
_fА. С. Москвичева, Д. Р. Давидов
203 _aТекст
_bвизуальный
_cнепосредственный
210 _aКазань
_cБук
_d2024
215 _a51 с.
_cил.
_d21
320 _aБиблиогр.: 36-41
606 1 _aПсихоневрологическая помощь
_jУчебно-методические пособия для высших учебных заведений
_xКачество
_xКонтроль
_yРоссийская Федерация
_92703466
_3RU\NLR\AUTH\6601768537
606 1 _aМедицинская помощь
_jУчебно-методические пособия для высших учебных заведений
_xКачество
_xСтандартизация
_92361119
_3RU\NLR\AUTH\6601632286
686 1 _aР11(2)286.1я73
686 1 _aХ621.175я73
700 1 _aМосквичева
_bА. С.
_gАлександра Станиславовна
701 1 _aДавидов
_bД. Р.
_gДавид Рудольфович
942 _cBOOK
980 _aNB